01197nab a22002417a 4500003000400000005001700004008004100021040000700062100002100069245009000090260007300180300001300253500002800266505021600294505011300510505008200623650001800705650002800723650001700751650002500768650001100793773015100804OSt20251215125457.0190429b xxu||||| |||| 00| 0 spa d cPJ aSotile, Patricia10a"Mala madre": un estereotipo discriminatorio que agrava las penas /cPatricia Sotile. cCiudad Autónoma de Buenos Aires :aThomson Reuters La Ley, b2025. ap. 80-88 aCita: AR/DOC/2357/2024. aSumario: I. Introducción. Los hechos del caso.— II. Perspectiva de género y prohibición de estereotipos en el proceso penal.— III. Estereotipos como agravantes de condenas penales.— IV. Conclusiones. tFallo comentado: TCasación Penal, Buenos Aires ~ sala I ~ F., B. N. s/Recurso de casación, 07/05/2024. tSi te interesa el texto completo, solicitalo a koha@justierradelfuego.gov.ar  0aDERECHO PENAL 0aPERSPECTIVA DE GÉNERO 0aCODIGO PENAL 0aABANDONO DE PERSONAS 0aPRUEBA0 02658tRevista de derecho penal y criminología. Nº 1 - Febrero 2025dCiudad Autónoma de Buenos Aires : Thomson Reuters La Ley, 2017-x00347914